[Event "Marburg op-A"]
[Site "Marburg"]
[Date "2023.10.27"]
[Round "2"]
[White "Tuhacek, Christian"]
[Black "Wolff, Michael"]
[Result "1-0"]
[WhiteElo "1913"]
[BlackElo "1777"]
[PlyCount "161"]
[EventDate "2023.10.26"]
[EventType "swiss"]
[EventRounds "7"]
[EventCountry "GER"]
[SourceTitle "CB49_2023"]
[SourceDate "2023.12.06"]
[SourceVersion "1"]
[SourceVersionDate "2023.12.06"]
[SourceQuality "1"]

1. Nf3 c5 2. g3 Nf6 3. Bg2 Nc6 4. 0-0 e6 5. d3 d5 6. Nbd2 Be7 7. e4 dxe4 8. dxe4 e5 9. c3 0-0 10. Qe2 Qc7 11. h3 b6 12. Re1 Bb7 13. Nf1 Nxe4 14. Qxe4 Nd4 15. Qxe5 Bd6 16. Qe3 Nc2 17. Qd3 Nxe1 18. Nxe1 Rad8 19. Bxb7 Qxb7 20. Qf3 Qxf3 21. Nxf3 Rfe8 22. Ne3 Bf8 23. Bd2 g6 24. Nf1 Re2 25. Re1 Rxe1 26. Nxe1 c4 27. Kg2 Bc5 28. Kf3 b5 29. Ke2 Re8+ 30. Be3 f5 31. Kd2 Rd8+ 32. Kc2 Bxe3 33. Nxe3 Kf7 34. Nf3 Kf6 35. Nd4 a6 36. a4 bxa4 37. Nxc4 Re8 38. Kd2 Rd8 39. Nb6 a3 40. bxa3 Rd6 41. Nc4 Rd8 42. a4 Rb8 43. Kc2 Re8 44. Ne3 Rd8 45. a5 Rd7 46. Nc6 Rd6 47. Nb4 g5 48. Nc4 Re6 49. Kd2 h5 50. Nb6 f4 51. c4 f3 52. N6d5+ Kf7 53. Ne3 Ke8 54. Kd3 Kd7 55. c5 Kc8 56. Nbc2 Kb7 57. Kd4 Re8 58. Nb4 Rd8+ 59. Kc3 Re8 60. Kd4 Re6 61. Nd3 Kc6 62. Ne5+ Kb7 63. Nxf3 g4 64. hxg4 hxg4 65. Nxg4 Re2 66. Nfe5 Rd2+ 67. Kc3 Ra2 68. Nc4 Ra1 69. Nge5 Rc1+ 70. Kd2 Rf1 71. f3 Rg1 72. g4 Rg2+ 73. Ke3 Rc2 74. g5 Rg2 75. g6 Rg5 76. Kf4 Rg1 77. Kf5 Kc7 78. Kf6 Kd8 79. Kf7 Rg5 80. g7 Rf5+ 81. Kg6 1-0

[Event "Vellmar op 9th"]
[Site "Vellmar"]
[Date "2017.07.16"]
[Round "6"]
[White "Tuhacek, Christian"]
[Black "Flach, Helene"]
[Result "1/2-1/2"]
[WhiteElo "2027"]
[BlackElo "1819"]
[PlyCount "75"]
[EventDate "2017.07.13"]
[EventType "swiss"]
[EventRounds "7"]
[EventCountry "GER"]
[SourceTitle "CBM 179 Extra"]
[Source "ChessBase"]
[SourceDate "2017.08.23"]
[SourceVersion "1"]
[SourceVersionDate "2017.08.23"]
[SourceQuality "1"]

1. Nc3 d5 2. e4 d4 3. Nce2 e5 4. Ng3 Be6 5. b3 Nc6 6. Bc4 Qd7 7. Bxe6 Qxe6 8. Nh3 f6 9. f4 0-0-0 10. d3 Bb4+ 11. Bd2 Nh6 12. Bxb4 Nxb4 13. a3 Nc6 14. f5 Qd7 15. 0-0 Rdf8 16. Nf2 Ne7 17. Ng4 Nxg4 18. Qxg4 g6 19. Qe2 Rhg8 20. Rf2 Rg7 21. Kh1 Nc6 22. Qf1 g5 23. Nh5 Rgf7 24. g4 Qe7 25. b4 a6 26. Qb1 Na7 27. Qb3 Re8 28. a4 b6 29. Qc4 Kb7 30. Rff1 Rff8 31. Rab1 Qd7 32. Qb3 Re7 33. Rfc1 Qd8 34. Kg2 Rd7 35. Kf2 Qe7 36. Ke2 Rfd8 37. Rf1 Rd6 38. b5 1/2-1/2

[Event "Vellmar op 9th"]
[Site "Vellmar"]
[Date "2017.07.16"]
[Round "7"]
[White "Wehr, Alexander"]
[Black "Tuhacek, Christian"]
[Result "0-1"]
[WhiteElo "1785"]
[BlackElo "2027"]
[PlyCount "102"]
[EventDate "2017.07.13"]
[EventType "swiss"]
[EventRounds "7"]
[EventCountry "GER"]
[SourceTitle "CBM 179 Extra"]
[Source "ChessBase"]
[SourceDate "2017.08.23"]
[SourceVersion "1"]
[SourceVersionDate "2017.08.23"]
[SourceQuality "1"]

1. c4 Nf6 2. Nc3 d6 3. g3 g6 4. Bg2 Bg7 5. Nf3 0-0 6. 0-0 c6 7. d4 Nbd7 8. e4 e5 9. dxe5 dxe5 10. h3 Qc7 11. Be3 h6 12. Qd2 Kh7 13. Rad1 Re8 14. Nh2 Nh5 15. Ne2 Nb6 16. b3 Be6 17. c5 Nd7 18. g4 Nhf6 19. f4 Nf8 20. f5 Rad8 21. Qc1 Bc8 22. Rxd8 Qxd8 23. Rd1 Qa5 24. Qd2 Qxd2 25. Rxd2 N8d7 26. Nc3 Bf8 27. Na4 Be7 28. Kf2 Rd8 29. Kf3 Nb8 30. Rxd8 Bxd8 31. Bf1 Kg7 32. Bc4 Nfd7 33. Nf1 b5 34. cxb6 axb6 35. Bd3 Na6 36. Nd2 Nb4 37. Bb1 b5 38. Nc5 Nxc5 39. Bxc5 Na6 40. b4 Nxc5 41. bxc5 Ba5 42. Nb3 Bb4 43. Bd3 Kf6 44. Kg2 Kg5 45. Kf3 Kh4 46. Kg2 Bd7 47. Bf1 Be8 48. Bd3 f6 49. Bc2 Bf7 50. Bd1 gxf5 51. gxf5 Bc4 0-1

[Event "Vellmar op 9th"]
[Site "Vellmar"]
[Date "2017.07.14"]
[Round "3"]
[White "Nilsson, Anders1111"]
[Black "Tuhacek, Christian"]
[Result "1-0"]
[WhiteElo "2192"]
[BlackElo "2027"]
[PlyCount "59"]
[EventDate "2017.07.13"]
[EventType "swiss"]
[EventRounds "7"]
[EventCountry "GER"]
[SourceTitle "CBM 179 Extra"]
[Source "ChessBase"]
[SourceDate "2017.08.23"]
[SourceVersion "1"]
[SourceVersionDate "2017.08.23"]
[SourceQuality "1"]

1. d4 Nf6 2. c4 g6 3. Nc3 Bg7 4. e4 d6 5. Nge2 0-0 6. Ng3 e5 7. d5 c6 8. Be2 Qe7 9. h4 h6 10. h5 g5 11. b3 c5 12. Qc2 Ne8 13. Nd1 Bf6 14. Ne3 Ng7 15. Bg4 Bxg4 16. Nxg4 Kh7 17. Qd3 Qd8 18. Qf3 Be7 19. Nf5 Nxf5 20. Qxf5+ Kg7 21. g3 Qc8 22. Ne3 Qe8 23. f4 Bf6 24. Ng4 Qe7 25. Bb2 Re8 26. Rf1 Nd7 27. 0-0-0 Rad8 28. Rd3 Rf8 29. Rdf3 Kg8 30. Nxh6+ 1-0

[Event "Vellmar op 9th"]
[Site "Vellmar"]
[Date "2017.07.14"]
[Round "2"]
[White "Tuhacek, Christian"]
[Black "Weber, Andreas"]
[Result "1-0"]
[WhiteElo "2027"]
[BlackElo "1795"]
[PlyCount "99"]
[EventDate "2017.07.13"]
[EventType "swiss"]
[EventRounds "7"]
[EventCountry "GER"]
[SourceTitle "CBM 179 Extra"]
[Source "ChessBase"]
[SourceDate "2017.08.23"]
[SourceVersion "1"]
[SourceVersionDate "2017.08.23"]
[SourceQuality "1"]

1. Nc3 d5 2. e4 d4 3. Nce2 e5 4. Ng3 Be6 5. Nf3 f6 6. b3 Nc6 7. Bc4 Qd7 8. d3 Bb4+ 9. Bd2 Nge7 10. a3 Bxd2+ 11. Qxd2 Bxc4 12. dxc4 0-0 13. 0-0 Rad8 14. Ne1 f5 15. f3 f4 16. Nh1 Ng6 17. Nd3 Kh8 18. Nhf2 Qe7 19. Kh1 b6 20. b4 Qe6 21. c5 Qc4 22. Rfb1 Qc3 23. Qxc3 dxc3 24. Rb3 Nd4 25. Rxc3 b5 26. Rd1 c6 27. Ne1 a5 28. Rcd3 axb4 29. axb4 Ra8 30. c3 Ra2 31. cxd4 Rxf2 32. Kg1 Rb2 33. d5 Rxb4 34. dxc6 Rc4 35. Rd5 Ne7 36. Rxe5 Nxc6 37. Red5 b4 38. Nd3 Ne7 39. Rd7 Nc6 40. Nxf4 b3 41. Nd3 Nb4 42. Nxb4 Rxb4 43. Rb1 h6 44. c6 Rc8 45. c7 Kh7 46. Rd3 Rxc7 47. Rdxb3 Ra4 48. R3b2 Rc3 49. Kf2 Rc7 50. Rd2 1-0

[Event "Vellmar op 9th"]
[Site "Vellmar"]
[Date "2017.07.13"]
[Round "1"]
[White "Fischer, Andreas"]
[Black "Tuhacek, Christian"]
[Result "1/2-1/2"]
[WhiteElo "1811"]
[BlackElo "2027"]
[PlyCount "68"]
[EventDate "2017.07.13"]
[EventType "swiss"]
[EventRounds "7"]
[EventCountry "GER"]
[SourceTitle "CBM 179 Extra"]
[Source "ChessBase"]
[SourceDate "2017.08.23"]
[SourceVersion "1"]
[SourceVersionDate "2017.08.23"]
[SourceQuality "1"]

1. e4 d6 2. f4 g6 3. Bc4 Bg7 4. Nf3 h6 5. Nc3 Nc6 6. a3 e6 7. 0-0 Nge7 8. Qe1 0-0 9. d3 Na5 10. Ba2 c5 11. Qh4 Nec6 12. Qh3 Nd4 13. Bb1 Nac6 14. f5 exf5 15. exf5 Nxf3+ 16. Rxf3 Ne5 17. Rf1 Bxf5 18. Qg3 Qd7 19. Nd5 f6 20. Bxh6 Be6 21. Bxg7 Kxg7 22. Nf4 Rh8 23. c3 g5 24. d4 cxd4 25. cxd4 Nc4 26. d5 Bg4 27. Nd3 Nd2 28. Re1 Nxb1 29. Raxb1 Bf5 30. Rbc1 Rh4 31. Rc3 Rhh8 32. Rcc1 Rac8 33. Nf4 Ra8 34. Nd3 Be6 1/2-1/2